000 00313nam a22001097a 4500
008 230731b xxu||||| |||| 00| 0 eng d
082 _a362.1
_bUNI 2002
245 _aChildren on the Brink 2002
_bA Joint Report on Orphan Estimates and Program Stra
260 _aUSA
_bUNICEF
_c2002
300 _a36p
942 _2ddc
_cBK
999 _c4011
_d4011